Les 10 plus grands marathons du monde - Statistiques

Statistiques générales
  • Ce quiz a été pris 191 fois
  • Le résultat moyen est 7 sur 10
Statistiques - réponses
Hint Réponse % Correct
39 115 Paris
99%
50 530 New York
98%
40 004 Berlin
92%
35 879 Londres
91%
34 678 Tokyo
89%
31 805 Boston
78%
40 601 Chicago
66%
23 380 Washington
27%
28 093 Osaka
9%
17 816 Kobe
2%
Aucun quiz correspondant
Distribution des résultats
% des personnes avec chaque résultat
Percentile par nombre de réponses
Votre historique - résultats
Vous n’avez pas pris ce quiz